When value won't be derailed (Record no. 67777)

MARC details
000 -LEADER
fixed length control field 00841cam a2200217 4500
001 - CONTROL NUMBER
control field WB3729-38
008 - FIXED-LENGTH DATA ELEMENTS--GENERAL INFORMATION
fixed length control field 010725n2001 000 0 eng u
035 ## - SYSTEM CONTROL NUMBER
System control number (Sirsi) u113754
245 ## - TITLE STATEMENT
Title When value won't be derailed
260 ## - PUBLICATION, DISTRIBUTION, ETC.
Date of publication, distribution, etc. 2001
490 ## - SERIES STATEMENT
Series statement Financial Times
Volume/sequential designation 20 July 2001, 26(2)
520 ## - SUMMARY, ETC.
Summary, etc. Discusses the issues that have arisen by the Canary Wharf Group in their arbitration against London Underground. The group is seeking compensation for failure of LU to deliver promised services. Mentions the general increase in site values which are in close proximity to transport links.
590 ## - LOCAL NOTE (RLIN)
Local note WB
650 ## - SUBJECT ADDED ENTRY--TOPICAL TERM
Topical term or geographic name entry element PROPERTY VALUES
650 ## - SUBJECT ADDED ENTRY--TOPICAL TERM
Topical term or geographic name entry element TRANSPORTATION
650 ## - SUBJECT ADDED ENTRY--TOPICAL TERM
Topical term or geographic name entry element LONDON UNDERGROUND
650 ## - SUBJECT ADDED ENTRY--TOPICAL TERM
Topical term or geographic name entry element CANARY WHARF GROUP
650 ## - SUBJECT ADDED ENTRY--TOPICAL TERM
Topical term or geographic name entry element JUBILEE LINE EXTENSION
690 ## - LOCAL SUBJECT ADDED ENTRY--TOPICAL TERM (OCLC, RLIN)
Topical term or geographic name as entry element TRANSPORT AND COMMUNICATIONS
942 ## - ADDED ENTRY ELEMENTS (KOHA)
Suppress in OPAC 0
Holdings
Withdrawn status Lost status Source of classification or shelving scheme Damaged status Not for loan Home library Current library Shelving location Date acquired Total Checkouts Full call number Barcode Date last seen Copy number Price effective from Koha item type
    Dewey Decimal Classification     London London News article 25/07/2001   WB3729-38 113754-1001 06/08/2019 1 06/08/2019 News article